<?xml version="1.0" encoding="UTF-8"?>
<record
    xmlns:xsi="http://www.w3.org/2001/XMLSchema-instance"
    xsi:schemaLocation="http://www.loc.gov/MARC21/slim http://www.loc.gov/standards/marcxml/schema/MARC21slim.xsd"
    xmlns="http://www.loc.gov/MARC21/slim">

  <leader>02267nam a2200277Ia 4500</leader>
  <controlfield tag="001">K0640</controlfield>
  <controlfield tag="003">IT-RoPAU</controlfield>
  <controlfield tag="008">130308s9999    xx            000 0 und d</controlfield>
  <datafield tag="040" ind1=" " ind2=" ">
    <subfield code="a">IT-RoPAU</subfield>
  </datafield>
  <datafield tag="040" ind1=" " ind2=" ">
    <subfield code="c">IT-RoPAU</subfield>
  </datafield>
  <datafield tag="041" ind1=" " ind2=" ">
    <subfield code="a">ITALIANO  </subfield>
  </datafield>
  <datafield tag="100" ind1=" " ind2=" ">
    <subfield code="a">Magni Basilio</subfield>
  </datafield>
  <datafield tag="100" ind1=" " ind2=" ">
    <subfield code="g">Codice Aut. SPICS: 60257</subfield>
  </datafield>
  <datafield tag="245" ind1=" " ind2=" ">
    <subfield code="a">Storia dell'arte italiana dalle origini al secolo XX. Vol. II </subfield>
  </datafield>
  <datafield tag="245" ind1=" " ind2=" ">
    <subfield code="b">Storia dell'arte  Italiana Dalle Origini al Secolo Xx. Vol. Ii                                                                                             </subfield>
  </datafield>
  <datafield tag="250" ind1=" " ind2=" ">
    <subfield code="a">3a ed.</subfield>
  </datafield>
  <datafield tag="260" ind1=" " ind2=" ">
    <subfield code="b">s.e. (senza Editrice o non identificata)</subfield>
  </datafield>
  <datafield tag="260" ind1=" " ind2=" ">
    <subfield code="c">1922 [1&#xB0; Ed.:1922 - Ed.Ling.Originale:1922]</subfield>
  </datafield>
  <datafield tag="300" ind1=" " ind2=" ">
    <subfield code="a">"681 p. (prefazione: 27; testo: 654 [pagine: 0-0])"</subfield>
  </datafield>
  <datafield tag="500" ind1=" " ind2=" ">
    <subfield code="a">"Nel '400; Filippo Brunelleschi; Leon Battista Alberti; Altri Notabili Architetti; scultura  da Donatello a Michelangelo; Lorenzo Ghiberti; Luca, Andrea, Giovanni della Robbia; Andrea del Verrocchio; Jacopo della Quercia; Guido Mazzoni; Pittura Mistica, Beato Angelico; Masolino da Panicale; da Masaccio Alla Fine Xv Sec.; Filippo Lippi; Sandro Botticelli; Domenico Ghirlandaio; Benozzo Gozzoli; Paolo Uccello, Pier della Francesca, Melozzo da Forli', Alessio Baldovinetti, Bartolomeo Corradini, Marco Palmezzano; Antonio del Pollaiolo, Andrea Mantegna, Leonardo, Michelangelo; Nicolo' Alunno; Giovanni Santi; Vittore Pisanello, Gentile da Fabriano; Giovanni Bellini, cima da Conegliano, Vittore Carpaccio; Vivarini, Carlo Crivelli; Paolo, Giancristoforo romano Scultori. Arte del '500: Donato Bramante; Antonio da Sangallo, Raffaello Giulio Romano, Baldassarre Peruzzi; Serlio, Vignoa, Palladio; Michelangelo Buonarroti; Galeazzo Alessi, Bartolomeo Ammannati, Pellegrino Tibaldi, Bernardo Buontalenti; Giacomo della Porta, Flaminio Ponzio, Martino Longhi, Pirro Ligorio, Giovanni, Domenico, Giulio Cesare Fontana; Baccio Bandinelli; Sansovino; Leonardo da Vinci; Luca Signorelli, Bartolomeo della Porta, Andrea del Sarto; Fiorenzo di Lorenzo, Pietro Vannucci Detto Perugino, Bernardino Betti Detto Pinturicchio; Raffaello Sanzio...                      D"</subfield>
  </datafield>
  <datafield tag="650" ind1=" " ind2=" ">
    <subfield code="a">STORIA DELLE ARTI VISIVE</subfield>
  </datafield>
  <datafield tag="650" ind1=" " ind2=" ">
    <subfield code="e">Codice materia Spics: 5008</subfield>
  </datafield>
  <datafield tag="942" ind1=" " ind2=" ">
    <subfield code="c">BK</subfield>
  </datafield>
  <datafield tag="957" ind1=" " ind2=" ">
    <subfield code="7">1</subfield>
  </datafield>
  <datafield tag="999" ind1=" " ind2=" ">
    <subfield code="c">77000</subfield>
    <subfield code="d">77000</subfield>
  </datafield>
  <datafield tag="999" ind1=" " ind2=" ">
    <subfield code="g">1</subfield>
  </datafield>
  <datafield tag="952" ind1=" " ind2=" ">
    <subfield code="0">0</subfield>
    <subfield code="1">0</subfield>
    <subfield code="4">0</subfield>
    <subfield code="6">K_000000000000000_0640</subfield>
    <subfield code="7">1</subfield>
    <subfield code="a">SPICS</subfield>
    <subfield code="b">SPICS</subfield>
    <subfield code="d">2013-03-08</subfield>
    <subfield code="l">0</subfield>
    <subfield code="o">K0640</subfield>
    <subfield code="r">2013-03-08 00:00:00</subfield>
    <subfield code="w">2013-03-08</subfield>
    <subfield code="y">BK</subfield>
    <subfield code="z">Progressivo inserimento:  21974 /  N. Volumi: 1 Copie: 1  / data import: 1 marzo 2013 - By Epidotti, Trombetti, Vaglietti. </subfield>
  </datafield>
</record>
